[Event "Ustron op-B"]
[Site "Ustron"]
[Date "2021.08.19"]
[Round "8"]
[White "Malaczek, Mateusz"]
[Black "Czernek, Tymon"]
[Result "0-1"]
[WhiteElo "2018"]
[BlackElo "2179"]
[PlyCount "72"]
[EventDate "2021.08.13"]
[EventType "swiss"]
[EventRounds "9"]
[EventCountry "POL"]
[SourceTitle "CBM 204 Extra"]
[Source "ChessBase"]
[SourceDate "2021.11.30"]
[SourceVersion "1"]
[SourceVersionDate "2021.11.30"]
[SourceQuality "1"]

1. c4 e5 2. g3 c6 3. d4 e4 4. f3 exf3 5. Nxf3 d5 6. Bg2 Be7 7. 0-0 Nf6 8. cxd5 cxd5 9. Nc3 0-0 10. Ne5 Nc6 11. Bf4 Be6 12. Nxc6 bxc6 13. Na4 Re8 14. Rc1 Rc8 15. Bf3 Bh3 16. Re1 Bb4 17. Bd2 Bd6 18. Nc5 Qc7 19. Nd3 Bxg3 20. hxg3 Qxg3+ 21. Kh1 Re4 22. Bxe4 Nxe4 23. Rg1 Qh4 24. Qe1 Qh5 25. Bf4 Bg4+ 26. Bh2 Bxe2 27. Ne5 f6 28. Rc2 Bb5 29. Ng4 Kh8 30. Qe3 Re8 31. Rcg2 c5 32. dxc5 d4 33. Qxd4 Bc6 34. Rf1 Qxg4 35. Rxg4 Nf2+ 36. Kg1 Nh3# 0-1

[Event "Ustron op-B"]
[Site "Ustron"]
[Date "2021.08.14"]
[Round "3"]
[White "Gerasimenyk, Mihail"]
[Black "Malaczek, Mateusz"]
[Result "1-0"]
[WhiteElo "2133"]
[BlackElo "2018"]
[PlyCount "94"]
[EventDate "2021.08.13"]
[EventType "swiss"]
[EventRounds "9"]
[EventCountry "POL"]
[SourceTitle "CBM 204 Extra"]
[Source "ChessBase"]
[SourceDate "2021.11.30"]
[SourceVersion "1"]
[SourceVersionDate "2021.11.30"]
[SourceQuality "1"]

1. d4 g6 2. Nf3 Bg7 3. c3 d6 4. Bg5 h6 5. Bh4 f5 6. e3 g5 7. Bg3 Nf6 8. Qb3 e6 9. Bd3 Qe7 10. Nbd2 Nc6 11. 0-0-0 a5 12. h4 g4 13. Nh2 Nh5 14. Nhf1 a4 15. Qc2 0-0 16. f3 e5 17. fxg4 fxg4 18. Bh7+ Kh8 19. Bg6 exd4 20. exd4 Ra5 21. Re1 Qf6 22. Bxh5 Rxh5 23. Ne3 Nxd4 24. Qxa4 Nb5 25. Ne4 Qg6 26. Rhf1 Bf5 27. Qxb5 Bxe4 28. Rxf8+ Bxf8 29. Qd7 Rc5 30. Qxg4 Qxg4 31. Nxg4 Bxg2 32. Bf2 Rf5 33. Bd4+ Kh7 34. Ne3 Rf2 35. Rg1 Bc6 36. Nd5 Bxd5 37. Bxf2 Bxa2 38. Bd4 c5 39. Bf6 b5 40. Kd2 b4 41. Ke3 bxc3 42. bxc3 Bf7 43. Ke4 Be6 44. Kf4 Bf7 45. Kf5 Bg8 46. Ra1 Bc4 47. Ra8 Bd3+ 1-0

[Event "Warsaw Najdorf Memorial op-A 18th"]
[Site "Warsaw"]
[Date "2021.07.15"]
[Round "6"]
[White "Redzisz, Michal"]
[Black "Malaczek, Mateusz"]
[Result "1/2-1/2"]
[WhiteElo "2246"]
[BlackElo "1991"]
[PlyCount "79"]
[EventDate "2021.07.10"]
[EventType "swiss"]
[EventRounds "9"]
[EventCountry "POL"]
[SourceTitle "EXT 2022"]
[Source "ChessBase"]
[SourceDate "2021.10.06"]
[SourceVersion "1"]
[SourceVersionDate "2021.10.06"]
[SourceQuality "1"]

1. d4 g6 2. c4 Bg7 3. Nf3 d6 4. g3 Nd7 5. Bg2 e5 6. 0-0 Ne7 7. Nc3 0-0 8. e4 exd4 9. Nxd4 Nc6 10. Nde2 a5 11. f4 Nc5 12. Be3 a4 13. Rb1 Bg4 14. h3 Bxe2 15. Qxe2 a3 16. e5 axb2 17. Rxb2 Ne6 18. Rxb7 Ncd4 19. Bxd4 Nxd4 20. Qe4 dxe5 21. fxe5 Ra3 22. Nd5 Ne6 23. Nf6+ Bxf6 24. exf6 Rxa2 25. Qe3 Qd6 26. Rb3 Re8 27. Re1 Qd8 28. Bc6 Rf8 29. Rf1 Qd4 30. Bd5 Re2 31. Qxd4 Nxd4 32. Rb7 c6 33. Bg2 Rc2 34. Rb4 h5 35. Rf2 Rc1+ 36. Kh2 Re8 37. c5 Rd8 38. Rfb2 Ne6 39. Rb8 Rxb8 40. Rxb8+ 1/2-1/2

[Event "Warsaw Najdorf Memorial op-A 18th"]
[Site "Warsaw"]
[Date "2021.07.14"]
[Round "5"]
[White "Malaczek, Mateusz"]
[Black "Siekanski, Janusz"]
[Result "1/2-1/2"]
[WhiteElo "1991"]
[BlackElo "2212"]
[PlyCount "78"]
[EventDate "2021.07.10"]
[EventType "swiss"]
[EventRounds "9"]
[EventCountry "POL"]
[SourceTitle "EXT 2022"]
[Source "ChessBase"]
[SourceDate "2021.10.06"]
[SourceVersion "1"]
[SourceVersionDate "2021.10.06"]
[SourceQuality "1"]

1. c4 e6 2. Nf3 d5 3. g3 c5 4. Bg2 Nf6 5. 0-0 Nc6 6. cxd5 exd5 7. d4 Be7 8. Nc3 0-0 9. dxc5 Bxc5 10. Na4 Be7 11. Nd4 Bg4 12. Be3 Qd7 13. Nxc6 bxc6 14. Rc1 Bh3 15. Nc5 Bxc5 16. Rxc5 Bxg2 17. Kxg2 Ne4 18. Rc1 Rfe8 19. Qa4 Re6 20. Rc2 h5 21. Rfc1 Rc8 22. Qxa7 Qe8 23. b4 h4 24. Qd4 hxg3 25. hxg3 Nxg3 26. Kxg3 Rg6+ 27. Kh2 Qe6 28. f3 Qf5 29. Qh4 Re8 30. Bf4 d4 31. Rd2 Qb5 32. Rcc2 Qxb4 33. Rb2 Qc4 34. Rbc2 Qb5 35. Rb2 Qa4 36. Bg5 Qa5 37. Bf4 Qa4 38. Bg5 Qa5 39. Bf4 Qa4 1/2-1/2

[Event "Suwalki Warakomska Memorial 4th"]
[Site "Suwalki"]
[Date "2020.08.06"]
[Round "1"]
[White "Goluch, Piotr"]
[Black "Malaczek, Mateusz"]
[Result "1-0"]
[WhiteElo "2373"]
[BlackElo "2036"]
[PlyCount "85"]
[EventDate "2020.08.06"]
[EventType "swiss"]
[EventRounds "9"]
[EventCountry "POL"]
[SourceTitle "CBM 197 Extra"]
[Source "ChessBase"]
[SourceDate "2020.09.30"]
[SourceVersion "1"]
[SourceVersionDate "2020.09.30"]
[SourceQuality "1"]

1. Nf3 g6 2. d4 Bg7 3. c3 d6 4. e4 Nf6 5. Bd3 0-0 6. 0-0 Bg4 7. h3 Bxf3 8. Qxf3 e5 9. Rd1 Nc6 10. Bb5 Nd7 11. Be3 Qe7 12. Na3 Rae8 13. Rac1 f5 14. Bxc6 bxc6 15. exf5 e4 16. Qg3 gxf5 17. Nc2 Kh8 18. f4 Rg8 19. Qe1 Nf6 20. Qh4 Qf7 21. Nb4 Nd5 22. Nxd5 cxd5 23. g4 fxg4 24. hxg4 Bf6 25. g5 Rg6 26. Rc2 Bd8 27. Qh3 Rf8 28. Rh2 Kg8 29. Kh1 h6 30. Rg1 Kh7 31. Rg4 Qf5 32. Rh4 Qxh3 33. R2xh3 Kg7 34. Rxh6 Rxh6 35. Rxh6 a5 36. Kg2 a4 37. Re6 Rf7 38. Re8 Rf8 39. Rxf8 Kxf8 40. Kg3 Kf7 41. Kg4 Be7 42. f5 Bf8 43. Kh5 1-0

[Event "Warsaw Przepiorka Memorial"]
[Site "Warsaw"]
[Date "2019.12.29"]
[Round "5"]
[White "Malaczek, Mateusz"]
[Black "Jarocka, Liwia"]
[Result "1/2-1/2"]
[WhiteElo "2028"]
[BlackElo "1907"]
[PlyCount "46"]
[EventDate "2019.12.27"]
[EventType "swiss"]
[EventRounds "9"]
[EventCountry "POL"]
[SourceTitle "CBM 194 Extra"]
[Source "ChessBase"]
[SourceDate "2020.03.31"]
[SourceVersion "1"]
[SourceVersionDate "2020.03.31"]
[SourceQuality "1"]

1. Nf3 d5 2. c4 e6 3. b3 Nf6 4. Bb2 b6 5. e3 Be7 6. Qc2 c5 7. Be2 Nbd7 8. Rg1 0-0 9. g4 Ne4 10. Nc3 Bb7 11. d3 Nxc3 12. Bxc3 Bf6 13. g5 Bxc3+ 14. Qxc3 Re8 15. Ne5 Nxe5 16. Qxe5 Qb8 17. Qxb8 Raxb8 18. Bf3 dxc4 19. Bxb7 Rxb7 20. dxc4 Rd7 21. Ke2 Red8 22. Rad1 Kf8 23. Rxd7 Rxd7 1/2-1/2

[Event "Warsaw Przepiorka Memorial"]
[Site "Warsaw"]
[Date "2019.12.27"]
[Round "2"]
[White "Kowalski, Igor"]
[Black "Malaczek, Mateusz"]
[Result "1-0"]
[WhiteElo "2354"]
[BlackElo "2028"]
[PlyCount "77"]
[EventDate "2019.12.27"]
[EventType "swiss"]
[EventRounds "9"]
[EventCountry "POL"]
[SourceTitle "CBM 194 Extra"]
[Source "ChessBase"]
[SourceDate "2020.03.31"]
[SourceVersion "1"]
[SourceVersionDate "2020.03.31"]
[SourceQuality "1"]

1. d4 g6 2. c4 Bg7 3. e4 d6 4. Nc3 e5 5. Be3 exd4 6. Bxd4 Nf6 7. f3 0-0 8. Qd2 Be6 9. h4 Nc6 10. Bf2 Ne5 11. b3 c6 12. Bd4 Qc7 13. 0-0-0 a6 14. Be2 Rfd8 15. f4 Neg4 16. Bxg4 Bxg4 17. Nf3 b5 18. Qe3 Qa5 19. e5 Qa3+ 20. Kb1 Bf5+ 21. Ka1 Ng4 22. Qe2 c5 23. Bf2 Nxf2 24. Qxf2 dxe5 25. Nxe5 bxc4 26. Qb2 Qb4 27. Nd5 Rxd5 28. Rxd5 c3 29. Qf2 c2 30. Qd2 Qxd2 31. Rxd2 Re8 32. Kb2 Rxe5 33. fxe5 Bxe5+ 34. Kc1 Bf4 35. Rf1 Be3 36. Rf3 Bh6 37. Rc3 Bf8 38. Rd8 Kg7 39. Rxf8 1-0

[Event "Poznan op 27th"]
[Site "Poznan"]
[Date "2019.08.24"]
[Round "8"]
[White "Malaczek, Mateusz"]
[Black "Sieciechowicz, Marcin"]
[Result "0-1"]
[WhiteElo "1998"]
[BlackElo "2375"]
[PlyCount "116"]
[EventDate "2019.08.18"]
[EventType "swiss"]
[EventRounds "9"]
[EventCountry "POL"]
[SourceTitle "EXT 2020"]
[Source "ChessBase"]
[SourceDate "2019.10.17"]
[SourceVersion "1"]
[SourceVersionDate "2019.10.17"]
[SourceQuality "1"]

1. c4 c6 2. g3 d5 3. Bg2 Nf6 4. Nf3 g6 5. 0-0 Bg7 6. cxd5 cxd5 7. d4 0-0 8. Nc3 Nc6 9. Ne5 e6 10. Nxc6 bxc6 11. Na4 Nd7 12. Bf4 Ba6 13. Rc1 Qa5 14. Bd6 Rfc8 15. Re1 Bb5 16. Nc3 Qb6 17. e3 Ba6 18. Na4 Qd8 19. Nc5 Nxc5 20. Bxc5 Bf8 21. Bf1 Bxf1 22. Rxf1 Qa5 23. a3 Rab8 24. Qe2 Rb3 25. Bxf8 Kxf8 26. Rc2 Qb6 27. Rfc1 Kg7 28. h4 h5 29. Kg2 a5 30. Qd2 a4 31. Qe2 Rc7 32. Qd2 Qb5 33. Qe2 Rb7 34. Qxb5 cxb5 35. Rd1 Kf6 36. Kf3 Kf5 37. Rdd2 b4 38. axb4 R3xb4 39. Re2 Rb3 40. Kg2 Kf6 41. f3 Ke7 42. Kf2 Kd6 43. Red2 R7b4 44. Ke2 f6 45. Kf2 e5 46. dxe5+ fxe5 47. Ke2 d4 48. exd4 exd4 49. Rd3 Kd5 50. Rcd2 Rxb2 51. Rxd4+ Rxd4 52. Rxb2 Kc5 53. Ke3 Rb4 54. Rc2+ Rc4 55. Rg2 a3 56. f4 Ra4 57. Ra2 Kc4 58. Kf3 Kb3 0-1

[Event "Poznan op 27th"]
[Site "Poznan"]
[Date "2019.08.22"]
[Round "6"]
[White "Malaczek, Mateusz"]
[Black "Nowak, Mikolaj"]
[Result "1/2-1/2"]
[WhiteElo "1998"]
[BlackElo "2281"]
[PlyCount "87"]
[EventDate "2019.08.18"]
[EventType "swiss"]
[EventRounds "9"]
[EventCountry "POL"]
[SourceTitle "EXT 2020"]
[Source "ChessBase"]
[SourceDate "2019.10.17"]
[SourceVersion "1"]
[SourceVersionDate "2019.10.17"]
[SourceQuality "1"]

1. c4 e5 2. g3 Nf6 3. Bg2 d5 4. cxd5 Nxd5 5. Nf3 Nc6 6. 0-0 Nb6 7. d3 Be7 8. Nbd2 0-0 9. b3 Re8 10. Bb2 Bf8 11. Rc1 f6 12. Qc2 a5 13. a3 Be6 14. Rfd1 Qd7 15. e3 Qf7 16. d4 e4 17. Ne1 f5 18. Bf1 a4 19. b4 Rec8 20. Ng2 Nd5 21. Nf4 Nxf4 22. gxf4 Ne7 23. Nc4 Nd5 24. Ne5 Qe8 25. Kh1 Kh8 26. Be2 Be7 27. Rg1 Bf6 28. Qd1 Qe7 29. Qf1 Bxe5 30. dxe5 c5 31. b5 b6 32. Bc4 Nc7 33. Bxe6 Nxe6 34. Qc4 Rd8 35. Rcd1 h6 36. Rxd8+ Rxd8 37. Rg6 Nf8 38. Rd6 Rxd6 39. exd6 Qxd6 40. Qf7 Ne6 41. Qxf5 Qd1+ 42. Kg2 Qf3+ 43. Kg1 Qd1+ 44. Kg2 1/2-1/2

[Event "Poznan op 25th"]
[Site "Poznan"]
[Date "2017.08.27"]
[Round "9"]
[White "Malaczek, Mateusz"]
[Black "Sieciechowicz, Marcin"]
[Result "1/2-1/2"]
[WhiteElo "1950"]
[BlackElo "2408"]
[PlyCount "53"]
[EventDate "2017.08.20"]
[EventType "swiss"]
[EventRounds "9"]
[EventCountry "POL"]
[SourceTitle "CBM 180 Extra"]
[Source "ChessBase"]
[SourceDate "2017.10.06"]
[SourceVersion "1"]
[SourceVersionDate "2017.10.06"]
[SourceQuality "1"]

1. c4 Nf6 2. Nf3 g6 3. g3 Bg7 4. Bg2 d5 5. cxd5 Nxd5 6. Nc3 Nb6 7. d3 Nc6 8. Be3 Nd4 9. Nxd4 Bxd4 10. Bh6 Rg8 11. Qd2 c6 12. Rc1 Be6 13. a3 Nd5 14. Na4 Qd6 15. h4 Rd8 16. b4 b6 17. Qc2 Bd7 18. e3 Bg7 19. Bxg7 Rxg7 20. d4 h5 21. Nc3 e6 22. 0-0 Kf8 23. Rfd1 Nxc3 24. Qxc3 g5 25. hxg5 Rxg5 26. e4 Kg8 27. e5 1/2-1/2

[Event "Poznan op 25th"]
[Site "Poznan"]
[Date "2017.08.23"]
[Round "5"]
[White "Malaczek, Mateusz"]
[Black "Walkowski, Milosz"]
[Result "1-0"]
[WhiteElo "1950"]
[BlackElo "1772"]
[PlyCount "47"]
[EventDate "2017.08.20"]
[EventType "swiss"]
[EventRounds "9"]
[EventCountry "POL"]
[SourceTitle "CBM 180 Extra"]
[Source "ChessBase"]
[SourceDate "2017.10.06"]
[SourceVersion "1"]
[SourceVersionDate "2017.10.06"]
[SourceQuality "1"]

1. c4 Nf6 2. Nf3 c5 3. g3 b6 4. Bg2 Bb7 5. 0-0 g6 6. Nc3 Bg7 7. Re1 0-0 8. e4 d6 9. d4 cxd4 10. Nxd4 Nbd7 11. e5 dxe5 12. Bxb7 exd4 13. Bxa8 dxc3 14. Bc6 Nc5 15. Qc2 Ng4 16. bxc3 Ne5 17. Bg2 Nxc4 18. Bg5 Na6 19. Rad1 Qc7 20. Bc1 Rc8 21. Bd5 Ne5 22. f4 Ng4 23. Re6 Rd8 24. Rc6 1-0

[Event "Poznan op 25th"]
[Site "Poznan"]
[Date "2017.08.21"]
[Round "3"]
[White "Malaczek, Mateusz"]
[Black "Nowak, Mikolaj"]
[Result "0-1"]
[WhiteElo "1950"]
[BlackElo "2076"]
[PlyCount "50"]
[EventDate "2017.08.20"]
[EventType "swiss"]
[EventRounds "9"]
[EventCountry "POL"]
[SourceTitle "CBM 180 Extra"]
[Source "ChessBase"]
[SourceDate "2017.10.06"]
[SourceVersion "1"]
[SourceVersionDate "2017.10.06"]
[SourceQuality "1"]

1. c4 c6 2. Nf3 Nf6 3. g3 d5 4. d4 Bf5 5. Bg2 e6 6. 0-0 Bd6 7. Nc3 h6 8. Re1 Nbd7 9. Qb3 Qb8 10. cxd5 exd5 11. e4 dxe4 12. Nxe4 Bxe4 13. Nd2 0-0 14. Nxe4 Nxe4 15. Bxe4 Nf6 16. Bc2 Qc7 17. Qf3 Nd5 18. Re4 f5 19. Rh4 Rf6 20. Rh5 Raf8 21. Bd2 Qf7 22. Re1 f4 23. Qg4 fxg3 24. fxg3 Rf1+ 25. Kg2 Rxe1 0-1

[Event "Lazy Baltic Pearl op 13th"]
[Site "Lazy"]
[Date "2017.07.03"]
[Round "8"]
[White "Malaczek, Mateusz"]
[Black "Jedrocha, Katarzyna"]
[Result "1/2-1/2"]
[WhiteElo "1905"]
[BlackElo "1898"]
[PlyCount "136"]
[EventDate "2017.06.25"]
[EventType "swiss"]
[EventRounds "9"]
[EventCountry "POL"]
[SourceTitle "EXT 2018"]
[Source "ChessBase"]
[SourceDate "2017.10.13"]
[SourceVersion "1"]
[SourceVersionDate "2017.10.13"]
[SourceQuality "1"]

1. Nf3 d5 2. c4 c6 3. d4 Nf6 4. g3 g6 5. cxd5 cxd5 6. Bg2 Bg7 7. 0-0 0-0 8. Nc3 Nc6 9. Ne5 Bf5 10. Nxc6 bxc6 11. Na4 Nd7 12. Bf4 e5 13. dxe5 Qe7 14. Rc1 Rfc8 15. Qd2 Nxe5 16. b3 Rab8 17. Be3 Ng4 18. Bc5 Qd7 19. h3 Nf6 20. Qa5 Ra8 21. Kh2 h5 22. Bd4 Ne4 23. Bxg7 Kxg7 24. Nc5 Qe7 25. Nxe4 Bxe4 26. Qc5 Qxc5 27. Rxc5 Bxg2 28. Kxg2 Rc7 29. Rfc1 Rac8 30. b4 Kf6 31. b5 Ke6 32. bxc6 Kd6 33. Ra5 Re8 34. e3 Ree7 35. Ra6 Re4 36. Rb1 Rxc6 37. Rxa7 Re7 38. Rxe7 Kxe7 39. Rb4 Ra6 40. a4 Ke6 41. f4 Kf5 42. Rd4 Ra5 43. Kf3 Ke6 44. g4 hxg4+ 45. Kxg4 Kf6 46. h4 Rc5 47. Rd3 Ra5 48. Rd4 Rc5 49. Kf3 Ra5 50. Rb4 Kf5 51. Rd4 Kf6 52. Ke2 Kf5 53. Kd3 Kg4 54. Kc3 Kf3 55. Kb4 Kxe3 56. Rd1 Ra8 57. Rxd5 Kxf4 58. a5 Ke4 59. Rg5 f5 60. Rxg6 Rf8 61. Re6+ Kd5 62. Re1 Kc6 63. Kc4 f4 64. Kd4 Kb5 65. Re5+ Ka6 66. Re1 f3 67. Ke3 f2 68. Rf1 Rh8 1/2-1/2

[Event "Lazy Baltic Pearl op 13th"]
[Site "Lazy"]
[Date "2017.07.01"]
[Round "7"]
[White "Malaczek, Mateusz"]
[Black "Lascar, Radoslawa"]
[Result "1-0"]
[WhiteElo "1905"]
[BlackElo "1775"]
[PlyCount "81"]
[EventDate "2017.06.25"]
[EventType "swiss"]
[EventRounds "9"]
[EventCountry "POL"]
[SourceTitle "EXT 2018"]
[Source "ChessBase"]
[SourceDate "2017.10.13"]
[SourceVersion "1"]
[SourceVersionDate "2017.10.13"]
[SourceQuality "1"]

1. c4 e5 2. g3 d6 3. Bg2 Nc6 4. Nc3 Be6 5. d3 Qd7 6. b4 g6 7. b5 Nd8 8. Rb1 Bg7 9. Nd5 f5 10. Nf3 Nf6 11. Ng5 Bg8 12. 0-0 h6 13. Nxf6+ Bxf6 14. Nh3 f4 15. d4 g5 16. dxe5 dxe5 17. Qc2 Be6 18. Bd5 Bf5 19. Be4 Bxh3 20. Rd1 Qe7 21. Rb3 Bd7 22. Ba3 Qg7 23. Bg6+ Nf7 24. Rxd7 Rd8 25. Rxf7 Qxf7 26. Bxf7+ Kxf7 27. c5 Rd4 28. Bb2 Rdd8 29. Qc4+ Kg7 30. Rd3 Rxd3 31. exd3 h5 32. Qe6 Rf8 33. Bxe5 Kg6 34. Bxf6 Rxf6 35. Qe4+ Kg7 36. gxf4 gxf4 37. f3 c6 38. bxc6 bxc6 39. Qe7+ Rf7 40. Qe5+ Rf6 41. Qxh5 1-0

[Event "POL-chT U26 rapid"]
[Site "Hucisko"]
[Date "2016.01.16"]
[Round "5.21"]
[White "Malaczek, Mateusz"]
[Black "Cukrowski, Filip"]
[Result "0-1"]
[WhiteElo "1905"]
[BlackElo "2320"]
[PlyCount "48"]
[EventDate "2016.01.16"]
[EventType "team-swiss (rapid)"]
[EventRounds "9"]
[EventCountry "POL"]
[SourceTitle "CBM 170 Extra"]
[Source "ChessBase"]
[SourceDate "2016.02.25"]
[SourceVersion "1"]
[SourceVersionDate "2016.02.25"]
[SourceQuality "1"]
[WhiteTeam "Poznan PP"]
[BlackTeam "Wroclaw PWr"]
[WhiteTeamCountry "POL"]
[BlackTeamCountry "POL"]

1. c4 Nf6 2. Nf3 c5 3. Nc3 g6 4. g3 b6 5. Bg2 Bb7 6. 0-0 Bg7 7. a3 d6 8. Rb1 Nbd7 9. b4 Rc8 10. d3 0-0 11. bxc5 Nxc5 12. a4 d5 13. cxd5 Nxd5 14. Nxd5 Bxd5 15. d4 Ne4 16. Bb2 Nd6 17. Nd2 Bxg2 18. Kxg2 Nc4 19. Nxc4 Rxc4 20. e3 Qd7 21. Ra1 Rfc8 22. Qb3 Qd5+ 23. Kg1 Rxd4 24. Qa3 Rd3 0-1

[Event "Kochan Memorial op 26th"]
[Site "Koszalin"]
[Date "2015.08.22"]
[Round "7"]
[White "Cichocki, Adam"]
[Black "Malaczek, Mateusz"]
[Result "1-0"]
[WhiteElo "2304"]
[BlackElo "1880"]
[PlyCount "73"]
[EventDate "2015.08.17"]
[EventType "swiss"]
[EventRounds "9"]
[EventCountry "POL"]
[SourceTitle "EXT 2016"]
[Source "ChessBase"]
[SourceDate "2015.10.08"]
[SourceVersion "1"]
[SourceVersionDate "2015.10.08"]
[SourceQuality "1"]

1. d4 c5 2. d5 Nf6 3. Nc3 g6 4. e4 d6 5. Nf3 Bg4 6. Be2 Bxf3 7. Bxf3 Nbd7 8. Be2 Bg7 9. 0-0 0-0 10. a4 a6 11. a5 b5 12. axb6 Qxb6 13. Ra2 Ne8 14. Bg5 Ndf6 15. Qd2 Nc7 16. Rfa1 Rfe8 17. f3 Nd7 18. Kh1 Qb4 19. Nd1 Qxd2 20. Bxd2 Reb8 21. c3 Rb6 22. Ne3 Nb8 23. Nc4 Rb7 24. f4 f5 25. exf5 gxf5 26. Ne3 Nd7 27. Nxf5 Bf6 28. Ne3 Rab8 29. Bc1 Rb6 30. g4 Nb5 31. Nc4 R6b7 32. Na5 Rb6 33. Nc6 R8b7 34. Bxb5 axb5 35. g5 Bg7 36. Nxe7+ Kf7 37. Nc8 1-0

[Event "Kochan Memorial op 26th"]
[Site "Koszalin"]
[Date "2015.08.21"]
[Round "6"]
[White "Malaczek, Mateusz"]
[Black "Dobrowolski, Piotr"]
[Result "0-1"]
[WhiteElo "1880"]
[BlackElo "2419"]
[PlyCount "96"]
[EventDate "2015.08.17"]
[EventType "swiss"]
[EventRounds "9"]
[EventCountry "POL"]
[SourceTitle "EXT 2016"]
[Source "ChessBase"]
[SourceDate "2015.10.08"]
[SourceVersion "1"]
[SourceVersionDate "2015.10.08"]
[SourceQuality "1"]

1. c4 b6 2. Nf3 Bb7 3. g3 Bxf3 4. exf3 c5 5. d4 cxd4 6. Qxd4 Nc6 7. Qd2 e6 8. Bg2 Bb4 9. Nc3 Rc8 10. 0-0 Na5 11. b3 d5 12. Qd4 Qf6 13. Qxf6 Nxf6 14. Nb5 a6 15. Ba3 axb5 16. Bxb4 bxc4 17. bxc4 Nxc4 18. Rfc1 Kd7 19. Bf1 Rc6 20. a4 Rhc8 21. Bd3 g6 22. f4 Ne8 23. Ra2 Ned6 24. Rca1 Nb7 25. Rd1 Ncd6 26. h4 Rc1 27. Rxc1 Rxc1+ 28. Kg2 h5 29. Kf3 Nc5 30. Bc2 Nc4 31. a5 Na6 32. Ba4+ Kc7 33. axb6+ Kxb6 34. Be7 Nc5 35. Be8 d4 36. Bd8+ Kb7 37. Bb5 Nd6 38. Rb2 Nxb5 39. Rxb5+ Kc6 40. Rb4 Rc3+ 41. Ke2 Rc2+ 42. Kf3 Rxf2+ 43. Kxf2 Nd3+ 44. Kf3 Nxb4 45. Ba5 Kb5 46. Bc7 Kc4 47. Ke2 d3+ 48. Kd2 Kd4 0-1

[Event "Kochan Memorial op 26th"]
[Site "Koszalin"]
[Date "2015.08.20"]
[Round "4"]
[White "Malaczek, Mateusz"]
[Black "Luczak, Filip"]
[Result "1-0"]
[WhiteElo "1880"]
[BlackElo "1529"]
[PlyCount "61"]
[EventDate "2015.08.17"]
[EventType "swiss"]
[EventRounds "9"]
[EventCountry "POL"]
[SourceTitle "EXT 2016"]
[Source "ChessBase"]
[SourceDate "2015.10.08"]
[SourceVersion "1"]
[SourceVersionDate "2015.10.08"]
[SourceQuality "1"]

1. c4 Nf6 2. Nf3 e6 3. b3 d5 4. Bb2 Bd6 5. Qc2 c6 6. e3 Nbd7 7. Rg1 b6 8. g4 h6 9. h4 Qc7 10. g5 hxg5 11. hxg5 Nh5 12. Be2 e5 13. cxd5 cxd5 14. Qxc7 Bxc7 15. Nc3 Bb7 16. Nb5 Bb8 17. Rc1 Kd8 18. Ba3 g6 19. Nd6 Bxd6 20. Bxd6 e4 21. Ne5 Rh7 22. Rc7 Nxe5 23. Bxe5 Rb8 24. Bb5 a6 25. Rd7+ Kc8 26. Re7 axb5 27. Re8+ Kd7 28. Rxb8 Kc6 29. Ke2 Ng7 30. Bxg7 Rxg7 31. Rc1+ 1-0

[Event "Kochan Memorial op 26th"]
[Site "Koszalin"]
[Date "2015.08.19"]
[Round "3"]
[White "Mielczarski, Miroslaw"]
[Black "Malaczek, Mateusz"]
[Result "1/2-1/2"]
[WhiteElo "2145"]
[BlackElo "1880"]
[PlyCount "130"]
[EventDate "2015.08.17"]
[EventType "swiss"]
[EventRounds "9"]
[EventCountry "POL"]
[SourceTitle "EXT 2016"]
[Source "ChessBase"]
[SourceDate "2015.10.08"]
[SourceVersion "1"]
[SourceVersionDate "2015.10.08"]
[SourceQuality "1"]

1. Nf3 c5 2. b3 Nf6 3. Bb2 Nc6 4. e3 g6 5. Be2 Bg7 6. 0-0 0-0 7. c4 a6 8. d4 cxd4 9. Nxd4 Nxd4 10. Qxd4 d5 11. cxd5 Qxd5 12. Qb4 Qe4 13. Qa3 Bg4 14. Bxg4 Nxg4 15. Bxg7 Kxg7 16. Nd2 Qe6 17. Nf3 Rfd8 18. h3 Nf6 19. Rac1 Rac8 20. Nd4 Qe5 21. Qb4 Rxc1 22. Rxc1 Rd7 23. Qc4 Qd5 24. Qc8 Rd8 25. Qc7 Rd7 26. Qf4 Qe4 27. Qb8 Nd5 28. Qg3 e5 29. Nf3 f6 30. Qg4 Qxg4 31. hxg4 h6 32. Kf1 Kf7 33. Ke2 Nb4 34. a3 Nc6 35. Nd2 Ne7 36. Ne4 b6 37. Nd2 Ke6 38. Rc4 Rd6 39. b4 Rc6 40. Kd3 Rxc4 41. Kxc4 Nc8 42. a4 Nd6+ 43. Kd3 Kd5 44. e4+ Ke6 45. Nf1 Nc8 46. Ne3 Ne7 47. Kc4 Kd6 48. f3 Ke6 49. Kc3 Kd6 50. Kc4 Ke6 51. Kc3 Kd6 52. Kd3 Ke6 53. Nc4 b5 54. axb5 axb5 55. Ne3 Nc6 56. Nd5 Nd4 57. f4 Nc6 58. f5+ Kf7 59. Ke3 g5 60. Kd3 Kg7 61. Kc3 Nd4 62. Nc7 Kf7 63. Kd3 Ke7 64. Kd2 Kf7 65. Nd5 Kg7 1/2-1/2

[Event "Lazy Baltic Pearl op 09th"]
[Site "Lazy"]
[Date "2013.07.06"]
[Round "7.20"]
[White "Galaktionov, Artem"]
[Black "Malaczek, Mateusz"]
[Result "1-0"]
[WhiteElo "1943"]
[BlackElo "1849"]
[PlyCount "33"]
[EventDate "2013.06.30"]
[EventType "swiss"]
[EventRounds "9"]
[EventCountry "POL"]
[SourceTitle "EXT 2023"]
[Source "ChessBase"]
[SourceDate "2022.10.05"]
[SourceVersion "1"]
[SourceVersionDate "2022.10.05"]
[SourceQuality "1"]

1. e4 c5 2. Nf3 g6 3. d4 Bg7 4. c3 cxd4 5. cxd4 d5 6. e5 Nh6 7. Nc3 0-0 8. Qb3 e6 9. Bg5 Qa5 10. Qc2 Nc6 11. Qd2 Nf5 12. g4 Nfe7 13. Bf6 Bd7 14. h4 Kh8 15. Qh6 Bxf6 16. exf6 Rg8 17. Ng5 1-0